| 000 | 00706nam a2200217 4500 | ||
|---|---|---|---|
| 001 | 143748 | ||
| 003 | ES-MaACL | ||
| 005 | 20231005112239.0 | ||
| 007 | t| | ||
| 008 | 070214s1947 ag r ||||1| spa d | ||
| 100 | 1 |
_aSévertzov, S. A. _9105927 |
|
| 245 | 1 | 0 |
_aDinámica de la población animal / _cS. A. Sévertzov ; [traducción directa del ruso por N. Caplan]. |
| 260 |
_aBuenos Aires : _bLantaro, _c1947 ( _fMacagno, Landa y Cia.) |
||
| 300 |
_a539 p. : _bil. ; _c23 cm. |
||
| 650 | 4 |
_912625 _aEvolución |
|
| 650 | 4 |
_912001 _aEcología animal |
|
| 700 | 1 |
_aCaplan, N. _934858 |
|
| 852 |
_aES-MaACL _bR.25716 _jC-5410 _cSPAL _9148939 |
||
| 942 |
_2udc _cMONOGRAFIA |
||
| 999 |
_c143748 _d143748 |
||